| 000 | 01114cam a2200277 a 4500 | ||
|---|---|---|---|
| 003 | OSt | ||
| 005 | 20260311182947.0 | ||
| 008 | 070604s2008 njuab b 001 0 eng | ||
| 020 | _a9780136154389 | ||
| 020 | _a0136154387 | ||
| 040 |
_aKABLIB _cKABLIB _beng _erda |
||
| 082 | 0 | 0 |
_a960.3 _223 _bGIL |
| 100 | 1 |
_aGilbert, Erik. _915701 |
|
| 245 | 1 | 0 |
_aAfrica in world history : _bfrom prehistory to the present / _cErik Gilbert, Jonathan T. Reynolds. |
| 250 | _a2nd ed. | ||
| 260 |
_aUpper Saddle River, N.J. : _bPearson/Prentice Hall, _cc2008. |
||
| 300 |
_axxiv, 456 p. : _bill. (some col.), maps (some col.) ; _c23 cm. |
||
| 500 | _aRev. ed. of: Africa in world history / Jonathan T. Reynolds, Erik Gilbert. | ||
| 504 | _aIncludes bibliographical references (p. 433-436), index. | ||
| 650 | 0 |
_aCivilization, Western _xAfrican influences. _915702 |
|
| 651 | 0 |
_aAfrica _xHistory. _915703 |
|
| 700 | 1 |
_aReynolds, Jonathan T. _915704 |
|
| 700 | 1 |
_aReynolds, Jonathan T. _tAfrica in world history. _915705 |
|
| 856 | 4 | 1 |
_3Table of contents only _uhttp://www.loc.gov/catdir/toc/ecip0719/2007022591.html |
| 942 |
_2ddc _cBOOK |
||
| 999 |
_c6177 _d6177 |
||